[Event "Slovenian chT 2019"]
[Site "Slovenia"]
[Date "2019.12.20"]
[Round "7"]
[White "Janzekovic, Klemen"]
[Black "Sakelsek, Tadej"]
[Result "1-0"]
[WhiteElo "2009"]
[BlackElo "2422"]
[Annotator "TA"]
[PlyCount "140"]
[EventDate "2019.??.??"]
[EventCountry "SLO"]
[SourceTitle "playchess.com"]
[Source "ChessBase"]
[SourceQuality "1"]

{[%evp 21,140,21,18,9,4,6,2,2,22,10,14,0,27,10,12,0,23,12,54,0,62,59,72,64,77,80,100,104,143,102,102,90,150,94,251,245,275,265,270,263,239,245,260,256,334,329,304,137,354,231,217,197,202,201,232,227,226,208,249,186,193,176,168,152,203,175,213,202,174,0,56,0,0,0,0,0,0,0,0,0,0,0,0,0,0,0,0,0,0,0,0,0,0,0,0,0,0,0,117,110,260,81,50,29,81,83,217,206,217,220,222,223,210,210,412,217,12832,12833,12833,12833,1422]} 1. e4 e5 2. Nf3 Nc6 3. Bc4 Bc5 4. d3 Nf6 5. Nbd2 a6 6. Bb3 d6 7. c3 Ba7 8. h3 O-O 9. O-O h6 10. Re1 Re8 11. Nf1 Be6 12. Bc2 {C54: Giuoco Piano: 4 c3 Nf6, main lines with 5 d4 and 5 d3} d5 13. exd5 Bxd5 14. Ng3 {The position is equal.} Qd7 15. Be3 Bxe3 16. Rxe3 Re7 17. Qe2 {[%cal Rf3e5]} Rae8 18. Re1 b5 $146 ({Predecessor:} 18... g6 19. a4 a5 20. Qd2 {1-0 (53) Zhigalko,S (2682)-Kabanov,N (2486) Khanty-Mansiysk 2012}) 19. a3 Kf8 20. Qd2 (20. Nh4 $14) 20... Kg8 (20... Bxf3 $11 21. Rxf3 e4) 21. Qc1 Nh7 {Black wants to play ...f5.} 22. Nh4 $1 {[%cal Rh4f5] Hoping for Nhf5.} Be6 23. Ne4 Qd5 24. b4 Kh8 25. Nc5 Bc8 26. Bb3 Qd8 ({Black should try} 26... Qd6) 27. f4 (27. d4 $142 $1) 27... exf4 $2 {[#]} (27... Qd6 $16 {was necessary.}) 28. Bxf7 $1 $18 {[%cal Rh4g6][%mdl 512]} Nf8 (28... Rxf7 29. Rxe8+) 29. Bxe8 Rxe3 30. Rxe3 (30. Bxc6 $6 Qxh4 31. Rxe3 fxe3 $18) 30... fxe3 31. Bxc6 Qxh4 32. Qxe3 Qf6 33. Qe8 Bf5 34. Be4 (34. d4 $18 {is more deadly.}) 34... Kg8 $2 (34... Bxe4 $16 35. Nxe4 (35. dxe4 Kh7 $16) (35. Qxe4 Qxc3 36. Kh2 Qf6 $14) 35... Qf4) 35. Bxf5 Qxf5 36. Qe3 Qf6 37. Qd4 Qg5 38. Kh2 h5 39. c4 Kh8 40. h4 Qe7 41. Qe4 Qf6 42. g3 bxc4 (42... g6 $16 {is a better defense.} 43. Qf4 Qb2+ 44. Kh3 Kg8) 43. dxc4 Qf2+ 44. Qg2 Qe3 45. Nxa6 $2 (45. Kh3 $1 $18) 45... Ne6 (45... Nd7 $11) 46. Nc5 ({Better is} 46. Qf1 $14) 46... Nxc5 $11 47. Qa8+ Kh7 {Threatens to win with ...Ne4.} 48. bxc5 {[%mdl 4096] Endgame KQ-KQ} Qe2+ 49. Qg2 Qxc4 50. Qf2 Kg6 51. Qe3 Qc2+ 52. Kg1 Qd1+ 53. Kf2 Qc2+ 54. Ke1 {Black must now prevent Qg5+.} Qb1+ 55. Ke2 Qc2+ 56. Qd2 Qe4+ $1 57. Kf2 Qf5+ 58. Kg2 {Qg5+! is the strong threat.} Qe4+ 59. Kh2 {And now Qg5+ would win.} Kh7 (59... Kf7 $1 $11) 60. Qa2 $1 $16 Qa4 (60... Qe5 $16 {keeps fighting.}) 61. Qb1+ $2 (61. Qe2 $18 {is the precise move to win.}) 61... g6 62. Qd3 Qc6 (62... Qe8 $11 {remains equal.}) 63. Qc4 Qf3 (63... Qf6 $16) 64. Qa2 $1 $18 Qf5 {[#]} 65. a4 $1 {[%cal Ba3a4,Ba4a5,Ba5a6][%mdl 32]} Qxc5 66. a5 Qa7 67. a6 c5 $2 (67... Kh6 {might work better.} 68. Kg2 Qa8+ 69. Kg1 Qa7+ 70. Kg2 Qa8+ 71. Kf2 Qa7+ 72. Kg2) 68. Qc4 (68. Kh1 $142) 68... Qd7 $2 (68... Qg7 69. Qd5 (69. Qxc5 Qb2+ 70. Kh3 Qa1 $11) 69... c4 70. Qxc4 Qb2+ 71. Kh3 Qa1) 69. Qe4 Qd2+ {[#]} 70. Qg2 $1 {[%cal Rg2d2]} Qa5 {Accuracy: White = 53%, Black = 40%.} 1-0

[Event "Slovenian chT 2019"]
[Site "Slovenia"]
[Date "2019.12.20"]
[Round "7"]
[White "Rifelj, Luka"]
[Black "Jelen, Miha"]
[Result "0-1"]
[WhiteElo "1961"]
[BlackElo "1849"]
[Annotator "NA"]
[PlyCount "74"]
[EventDate "2019.??.??"]
[EventCountry "SLO"]
[SourceTitle "playchess.com"]
[Source "ChessBase"]
[SourceQuality "1"]
[TimeControl "40/5400+30:1800+30"]

1. Nf3 d5 2. d4 Nf6 3. c4 e6 4. Nc3 c5 5. cxd5 exd5 6. g3 Nc6 7. Bg2 Be7 8. O-O O-O 9. dxc5 Bxc5 10. Bg5 d4 11. Bxf6 Qxf6 12. Ne4 Qe7 13. Nxc5 Qxc5 14. Rc1 Qb6 15. Qd2 Be6 16. Rfd1 Rfd8 17. Ng5 Bf5 18. Nxf7 Kxf7 19. Qf4 Ke6 20. g4 Bg6 21. Bh3 Rf8 22. g5+ Ke7 23. Qg4 Bf5 24. Qh4 Ke8 25. Bg2 Rd8 26. Qf4 Rf7 27. Bxc6+ bxc6 28. Qe5+ Kf8 29. b3 Rd5 30. Qg3 Qc7 31. Qg2 Qd6 32. e4 dxe3 33. Rxd5 exf2+ 34. Qxf2 Qxd5 35. Re1 Bg6 36. Qe3 Rf5 37. h4 Qc5 0-1

[Event "Slovenian chT 2019"]
[Site "Slovenia"]
[Date "2019.12.21"]
[Round "8"]
[White "Lenic, Luka"]
[Black "Muha, Miljenko"]
[Result "0-1"]
[WhiteElo "2633"]
[BlackElo "2313"]
[Annotator "TA"]
[PlyCount "56"]
[EventDate "2019.??.??"]
[EventCountry "SLO"]
[SourceTitle "playchess.com"]
[Source "ChessBase"]
[SourceQuality "1"]

{[%evp 9,108,38,39,13,13,12,19,18,14,20,29,14,34,23,20,10,16,-2,0,11,28,13,9,-19,4,0,0,0,0,-33,-32,-13,-11,-80,-91,-157,-112,-233,-228,-223,-214,-273,-265,-334,-347,-349,-349,-343,-351,-341,-350,-341,-352,-346,-346,-350,-356,-356,-354,-349,-341,-422,-417,-409,-403,-345,-241,-312,-275,-279,-278,-294,-293,-285,-287,-301,-294,-288,-287,-318,-296,-361,-375,-452,-446,-469,-463,-454,-462,-488,-420,-1088,-1092,-1092,-1037,-1013,-957,-2962,-5654,-4133,-2666]} 1. c4 Nf6 2. Nf3 c6 3. d4 d5 4. Nc3 dxc4 5. a4 a5 6. Ne5 {D16: Slav Defence: 5 a4: Lines with 5...Bg4 and 5...Na6} (6. e3 Bg4 7. Bxc4 e6 8. O-O Nbd7 9. h3 Bh5 10. Qe2 Bb4 11. Rd1 O-O 12. e4 h6 13. e5 Nd5 14. Nxd5 exd5 {½-½ (43) Bu,X (2729)-Korobov,A (2687) Hengshui 2019}) 6... e6 7. e3 Bb4 $146 ({Predecessor:} 7... Nbd7 8. Nxc4 Bb4 9. Be2 O-O 10. O-O b6 11. Qb3 Ba6 12. Na2 Be7 13. Bd2 Ne4 {1-0 (47) Turcotte,J (1999)-Leblanc Legault,M (1687) Laval 2015}) 8. Bxc4 {The position is equal.} O-O 9. O-O Nbd7 10. f4 Nd5 11. Ne4 f5 12. Nxd7 Bxd7 13. Ng5 h6 14. Nf3 Be8 15. Qc2 b5 $36 {[%mdl 2048] Black has some pressure.} 16. Bb3 Rc8 17. e4 fxe4 18. Qxe4 Qd6 19. Bc2 {Threatens to win with Qh7+.} Nf6 $1 {[%cal Rf6e4]} 20. Qe2 bxa4 21. Be3 {[#]} (21. Bxa4 $11 c5 22. Bb3) 21... c5 $1 $17 22. Rfd1 (22. Bf2 $142) 22... c4 23. Ne5 (23. Bd2 $17 {was called for.}) 23... c3 $19 24. bxc3 Rxc3 ({Much less strong is} 24... Bxc3 25. Ra2) 25. Rdc1 Nd5 {[%mdl 64] Double Attack} 26. Bd2 Nxf4 27. Qe4 {[%csl Gc2][%cal Re4h7] [#]} Rxc2 $1 28. Rxc2 {[#]} Ne2+ {Played: Qd6xd4} 0-1

[Event "Slovenian chT 2019"]
[Site "Slovenia"]
[Date "2019.12.21"]
[Round "8"]
[White "Borisek, Jure"]
[Black "Bosiocic, Marin"]
[Result "1/2-1/2"]
[WhiteElo "2596"]
[BlackElo "2623"]
[Annotator "TA"]
[PlyCount "61"]
[EventDate "2019.??.??"]
[EventCountry "SLO"]
[SourceTitle "playchess.com"]
[Source "ChessBase"]
[SourceQuality "1"]

{[%evp 9,61,16,23,16,30,26,67,66,64,66,90,75,72,72,66,66,75,75,65,78,58,68,74,58,64,80,73,60,84,72,72,79,88,87,85,28,37,11,23,18,28,7,22,18,31,12,16,-4,27,0,42,-4,34,0]} 1. e4 c5 2. Nf3 d6 3. Bb5+ Nd7 4. O-O a6 5. Bd3 Ngf6 6. c3 {B51: Sicilian: Moscow Variation (3 Bb5+) without 3...Bd7} b5 7. a4 c4 8. Be2 Rb8 $146 ({Predecessor:} 8... Bb7 9. axb5 axb5 10. Rxa8 Bxa8 11. Na3 Bxe4 12. Nxb5 d5 {½-½ (65) Harikrishna,P (2723)-Giri,A (2797) Shenzhen 2019}) 9. axb5 axb5 10. Nd4 {aiming for Nc6.} Ne5 11. d3 cxd3 12. Bxd3 Bd7 13. Na3 {[%cal Rd3b5]} Nxd3 14. Qxd3 g6 15. Ndxb5 Bg7 16. Be3 Ng4 17. Bd4 Ne5 18. Qe2 {[#] Threatens to win with f4.} g5 19. Rfd1 O-O 20. Bxe5 Bxe5 21. Nd4 Qc7 22. g3 (22. Rab1 $16) 22... Rfc8 23. Rd2 Bf6 24. Re1 Qc5 25. Qd3 Kh8 26. Kg2 g4 27. Kg1 h5 28. Nf5 Be6 29. Nd4 Bd7 30. Nf5 Be6 31. Nd4 {Accuracy: White = 43%, Black = 63%.} 1/2-1/2

[Event "Slovenian chT 2019"]
[Site "Slovenia"]
[Date "2019.12.21"]
[Round "8"]
[White "Ivanisevic, Ivan"]
[Black "Ruck, Robert"]
[Result "1-0"]
[WhiteElo "2593"]
[BlackElo "2526"]
[Annotator "ChessBase"]
[PlyCount "127"]
[EventDate "2019.??.??"]
[EventCountry "SLO"]
[SourceTitle "playchess.com"]
[Source "ChessBase"]
[SourceQuality "1"]
[TimeControl "40/5400+30:1800+30"]

1. c4 e5 2. Nc3 Nf6 3. Nf3 Nc6 4. g3 Bb4 5. Nd5 e4 6. Nh4 O-O 7. Bg2 Re8 8. O-O Bc5 9. e3 g5 10. Nf5 d6 11. Nh6+ Kg7 12. f4 g4 13. Nxf6 Qxf6 14. Nxg4 Qg6 15. Nf2 h5 16. a3 a5 17. b3 Bf5 18. Bb2+ f6 19. Kh1 Rh8 20. Rg1 Kf7 21. Qc2 Rae8 22. Bc3 Rh7 23. Qb2 Bg4 24. f5 Bxf5 25. b4 Ba7 26. bxa5 Bc5 27. Qxb7 Nd8 28. Qb1 Kf8 29. Rf1 Nf7 30. Nh3 h4 31. g4 Qxg4 32. Rf4 Qg6 33. Qf1 Nh6 34. Rxh4 Ng4 35. Rxh7 Qxh7 36. Qf4 Ke7 37. Rf1 Ke6 38. Bxf6 Kxf6 39. Qxg4 Re5 40. Qg5+ Ke6 41. Nf4+ Kd7 42. Nd5 Qg6 43. Qxg6 Bxg6 44. Rf6 Bh5 45. Rh6 Be2 46. Rh7+ Kd8 47. Rh6 Kd7 48. Nf6+ Ke7 49. Nxe4 Bxc4 50. Rh7+ Kd8 51. a6 Bxa3 52. Nf6 Ra5 53. Rd7+ Kc8 54. Bb7+ Kb8 55. Rd8+ Ka7 56. Ra8+ Kb6 57. Nd7+ Kb5 58. Rb8 Bd3 59. Kg2 Kc4 60. Bc6 Bg6 61. Rb7 Bc5 62. Nxc5 Kxc5 63. Rxc7 Kb6 64. a7 1-0

[Event "Slovenian chT 2019"]
[Site "Slovenia"]
[Date "2019.12.21"]
[Round "8"]
[White "Pavasovic, Dusko"]
[Black "Gombac, Jan"]
[Result "1-0"]
[WhiteElo "2546"]
[BlackElo "2246"]
[Annotator "ChessBase"]
[PlyCount "121"]
[EventDate "2019.??.??"]
[EventCountry "SLO"]
[SourceTitle "playchess.com"]
[Source "ChessBase"]
[SourceQuality "1"]
[TimeControl "40/5400+30:1800+30"]

1. e4 c6 2. d4 d6 3. Nc3 e5 4. Nf3 Qc7 5. Bc4 b5 6. Bb3 h6 7. a4 b4 8. Ne2 Nf6 9. Ng3 Ba6 10. Be3 Nbd7 11. dxe5 Nxe5 12. Nxe5 dxe5 13. Nh5 Nxh5 14. Qxh5 Rd8 15. Rd1 Bd6 16. Rxd6 Rxd6 17. Qxe5+ Kd8 18. Bf4 Re8 19. Qxd6+ Qxd6 20. Bxd6 Rxe4+ 21. Kd2 Rd4+ 22. Ke3 Rxd6 23. Bxf7 Ke7 24. Bh5 Re6+ 25. Kd2 Rd6+ 26. Kc1 c5 27. Re1+ Re6 28. Rxe6+ Kxe6 29. Kd2 g5 30. Ke3 Ke5 31. g3 Bb7 32. Bf3 Ba6 33. Bg4 Bb7 34. f4+ gxf4+ 35. gxf4+ Kf6 36. Bf3 Ba6 37. Bc6 Bf1 38. Be4 a5 39. Kd2 Ba6 40. c3 bxc3+ 41. Kxc3 Ke7 42. Bc6 Kd6 43. Bb5 Bc8 44. Bd3 Kd5 45. Bg6 Ba6 46. Bc2 Kd6 47. Be4 Be2 48. Bd3 Bd1 49. Bc2 Be2 50. f5 Ba6 51. f6 Ke6 52. Bd3 Bb7 53. Bb5 Kxf6 54. Kc4 Kg5 55. Kxc5 Kh4 56. Bd7 h5 57. Kb6 Bf3 58. Kxa5 Bg4 59. Bc6 Kh3 60. b4 Kxh2 61. b5 1-0

[Event "Slovenian chT 2019"]
[Site "Slovenia"]
[Date "2019.12.21"]
[Round "8"]
[White "Aczel, Gergely"]
[Black "Drnovsek, Gal"]
[Result "1-0"]
[WhiteElo "2515"]
[BlackElo "2388"]
[Annotator "ChessBase"]
[PlyCount "97"]
[EventDate "2019.??.??"]
[EventCountry "SLO"]
[SourceTitle "playchess.com"]
[Source "ChessBase"]
[SourceQuality "1"]
[TimeControl "40/5400+30:1800+30"]

1. d4 Nf6 2. c4 e6 3. Nc3 Bb4 4. e3 O-O 5. Bd2 d5 6. Nf3 b6 7. cxd5 exd5 8. Rc1 Ba6 9. Bxa6 Nxa6 10. Qa4 Qc8 11. O-O Qb7 12. a3 Be7 13. b4 c5 14. bxc5 bxc5 15. Rb1 Qc8 16. Rfc1 c4 17. Rc2 Bd8 18. Ne5 Bb6 19. f3 Nc7 20. Be1 Qe6 21. Kh1 Rfd8 22. Bh4 h6 23. Rcb2 g5 24. Bg3 Nh5 25. Bf2 f6 26. Ng4 Kg7 27. Qc2 Ne8 28. Na4 Rab8 29. Nc5 Qd6 30. e4 Nc7 31. Ne3 Kh8 32. exd5 Nf4 33. Ne4 Qf8 34. d6 Nce6 35. Nxc4 Bxd4 36. Bxd4 Nxd4 37. Qc3 Nfe2 38. Qd3 f5 39. Nc5 Rxb2 40. Rxb2 Qf6 41. g3 Qf7 42. Rxe2 Nxe2 43. Qxe2 Re8 44. Ne5 Qd5 45. d7 Rb8 46. Ng6+ Kh7 47. Qe7+ Kxg6 48. Qe6+ Qxe6 49. Nxe6 1-0

[Event "Slovenian chT 2019"]
[Site "Slovenia"]
[Date "2019.12.21"]
[Round "8"]
[White "Kovacevic, Blazimir"]
[Black "Markus, Robert"]
[Result "0-1"]
[WhiteElo "2453"]
[BlackElo "2602"]
[Annotator "TA"]
[PlyCount "120"]
[EventDate "2019.??.??"]
[EventCountry "SLO"]
[SourceTitle "playchess.com"]
[Source "ChessBase"]
[SourceQuality "1"]

{[%evp 16,120,36,30,27,33,25,18,44,0,7,0,0,0,6,7,34,0,3,0,0,-33,-24,-27,-18,-54,-57,-59,-50,-49,-43,-52,-56,-60,-71,-53,-29,-22,0,-53,-31,-110,-111,-108,-103,-105,-110,-108,-104,-120,-66,-97,-92,-137,-125,-206,-193,-211,-87,-194,-175,-254,-256,-243,-246,-225,-224,-267,-260,-263,-264,-260,-264,-264,-257,-252,-250,-265,-245,-245,-245,-245,-245,-251,-245,-612,-613,-591,-590,-579,-570,-12817,-12822,-12833,-12834,-12834,-12835,-12835,-12835,-12835,-12836,-12836,-12835,-12836,-12835,-5812,-2431]} 1. d4 Nf6 2. Nf3 d6 3. c3 g6 4. Nbd2 Bg7 5. e4 O-O 6. Bd3 Nc6 7. O-O e5 8. Re1 Re8 9. h3 d5 {B07: Pirc Defence: Miscellaneous Systems} 10. dxe5 Nxe4 11. Bb5 $146 ({Predecessor:} 11. Nxe4 dxe4 12. Bxe4 Qxd1 13. Rxd1 Nxe5 14. Nxe5 Bxe5 15. Be3 c6 16. Bc2 Bc7 17. Bb3 {½-½ (31) Wang,Y (2728)-Andreikin,D (2743) Moscow 2016}) 11... Bf5 {The position is equal.} 12. Nf1 a6 (12... Bxe5 13. Bxc6 bxc6 14. Nxe5 $18) 13. Bxc6 bxc6 14. Nd4 Qh4 (14... Rxe5 $6 15. Nxc6 Nxf2 16. Kxf2 $16) 15. Be3 Bxe5 16. Nxc6 Bf4 $132 {[%mdl 2048] Strongly threatening ...Bxe3. Black is not holding back} 17. Qf3 Bd6 18. Rad1 Bd7 19. Na5 $1 c6 20. Nb7 Bf8 {White must now prevent ...Rab8.} 21. Qf4 Qxf4 22. Bxf4 a5 23. Ng3 Nxg3 24. Bxg3 Rxe1+ 25. Rxe1 Bc8 26. Nd8 Bd7 27. Nb7 Be6 28. Bd6 {[#]} (28. a4 $15) 28... Bxd6 $1 $17 29. Nxd6 {[%mdl 4096] Endgame KRB-KRN} Rb8 30. b3 Kf8 {Threatens to win with ...Ke7.} 31. c4 Ke7 32. c5 {[#]} Kf6 (32... a4 $1 $17 {[%mdl 512]} 33. Re3 (33. bxa4 Ra8) 33... d4) 33. f4 Rb4 34. g3 a4 ({Don't blunder} 34... Bxh3 $2 35. Ne8+ Kf5 36. Re5+ Kg4 37. Kf2 $16) 35. bxa4 (35. Kg2 $17) 35... Rxa4 $19 36. Re2 d4 (36... Bxh3 37. Ne8+ Kf5 38. Kf2 $17) (36... Ra5 $19 37. a4 Rxc5 38. Ne8+ Ke7) 37. Ne4+ (37. Re4 $17) 37... Kg7 38. Rd2 (38. Ng5 {was necessary.} Bd5 39. Kf2) 38... Bxh3 ({Much less strong is} 38... Rxa2 39. Kf2 $17) ({Don't do} 38... Bxa2 39. Kf2 $17) 39. Ng5 Bg4 40. Kf2 Ra3 41. Rxd4 Rxa2+ 42. Ke3 Ra3+ 43. Kf2 h6 44. Ne4 Rf3+ 45. Kg2 Re3 {Hoping for ...Bf3+.} 46. Nd2 Be6 47. Kf2 Rc3 48. Ne4 Rc2+ 49. Ke3 Bd5 50. g4 $2 (50. Nd6) 50... Bxe4 {Black is clearly winning.} 51. Kxe4 Rxc5 {KR-KR} 52. Rd7 Rc3 53. f5 g5 54. Rc7 Rg3 55. Ke5 Rxg4 56. f6+ Kg6 57. Rc8 Ra4 58. Rg8+ Kh5 59. Rf8 Ra5+ 60. Kd6 Kg6 {Accuracy: White = 44%, Black = 72%.} 0-1

[Event "Slovenian chT 2019"]
[Site "Slovenia"]
[Date "2019.12.21"]
[Round "8"]
[White "Tratar, Marko"]
[Black "Beliavsky, Alexander G"]
[Result "1/2-1/2"]
[WhiteElo "2443"]
[BlackElo "2519"]
[Annotator "RC"]
[PlyCount "80"]
[EventDate "2019.??.??"]
[EventCountry "SLO"]
[SourceTitle "playchess.com"]
[Source "ChessBase"]
[SourceQuality "1"]
[TimeControl "40/5400+30:1800+30"]

1. c4 e6 2. Nf3 d5 3. e3 Nf6 4. b3 Be7 5. Bb2 O-O 6. Nc3 b6 7. g3 dxc4 8. bxc4 Nc6 9. Bg2 Ba6 10. Nb5 Na5 11. d3 c6 12. Nbd4 Bb4+ 13. Nd2 e5 14. Nc2 Be7 15. Qe2 Nd7 16. Nb3 b5 17. Bc3 Nb7 18. cxb5 Bxb5 19. a4 Ba6 20. O-O Rb8 21. Rfd1 Qc7 22. Qe1 Nbc5 23. Nxc5 Nxc5 24. Nb4 Rxb4 25. Bxb4 Nxd3 26. Ba5 Qc8 27. Qc3 Qf5 28. Rxd3 Bxd3 29. Qxc6 e4 30. Be1 Qf6 31. Qxf6 Bxf6 32. Rc1 Rb8 33. Bf1 g6 34. Bxd3 exd3 35. Rd1 Rb3 36. f4 Be7 37. Kg2 f5 38. Kf3 Kf7 39. Bd2 Ra3 40. a5 Bd8 1/2-1/2

[Event "Slovenian chT 2019"]
[Site "Slovenia"]
[Date "2019.12.21"]
[Round "8"]
[White "Sakelsek, Tadej"]
[Black "Zupancic, Urban"]
[Result "0-1"]
[WhiteElo "2422"]
[BlackElo "1993"]
[Annotator "NA"]
[PlyCount "108"]
[EventDate "2019.??.??"]
[EventCountry "SLO"]
[SourceTitle "playchess.com"]
[Source "ChessBase"]
[SourceQuality "1"]
[TimeControl "40/5400+30:1800+30"]

1. e4 e5 2. Nf3 Nc6 3. Bc4 Bc5 4. d3 Nf6 5. Nbd2 d6 6. c3 a5 7. O-O h6 8. Re1 O-O 9. Nf1 Be6 10. Bb5 Ne7 11. d4 exd4 12. cxd4 Bb4 13. Re2 c6 14. Bd3 $14 a4 15. h3 a3 16. b3 d5 17. e5 Ne4 18. Qc2 c5 19. dxc5 Rc8 20. Bxe4 dxe4 21. Rxe4 Bf5 22. Qe2 Bxe4 23. Qxe4 Qa5 24. Qg4 Rc6 25. Ng3 Bxc5 26. Bd2 Qb6 27. Ne4 Rg6 28. Qh5 Qc6 29. Re1 Nd5 30. Nh4 Re6 31. Nf5 Ne7 32. Nxe7+ Bxe7 33. f4 Rd8 34. Bc3 Bc5+ 35. Kh1 Ree8 36. Qg4 Kh8 37. e6 Bd4 38. Bxd4 Rxd4 39. exf7 Rf8 40. Qf5 Qd7 41. Qe5 Rd5 42. Qc3 Qxf7 43. Rf1 Qe7 44. Ng3 Qc5 45. Qf3 Qd4 46. f5 b5 47. Re1 Rfd8 48. Kh2 Re5 49. Rf1 Re3 50. Qh5 Qe5 51. Rf3 Rdd3 52. Rxe3 Rxe3 53. Qg6 Qf6 54. Qg4 Qg5 0-1

[Event "Slovenian chT 2019"]
[Site "Slovenia"]
[Date "2019.12.21"]
[Round "8"]
[White "Podkriznik, Gregor"]
[Black "Janzelj, Lara"]
[Result "1-0"]
[WhiteElo "2408"]
[BlackElo "2158"]
[Annotator "TA"]
[PlyCount "83"]
[EventDate "2019.??.??"]
[EventCountry "SLO"]
[SourceTitle "playchess.com"]
[Source "ChessBase"]
[SourceQuality "1"]

{[%evp 9,83,0,23,23,27,25,29,23,33,25,17,21,33,9,30,26,50,45,41,47,57,14,43,10,43,14,34,30,55,33,28,24,13,28,42,58,53,40,25,-49,-35,-39,-23,-62,0,0,0,12,36,0,0,0,0,0,0,-12,0,-18,18,12,22,15,77,83,79,42,177,114,231,233,477,483,934,827,29998,29999]} 1. c4 c6 2. Nf3 d5 3. e3 Nf6 4. Nc3 a6 5. Qc2 (5. h3 e6 6. b3 c5 7. cxd5 exd5 8. Bb2 Nc6 9. d4 Be6 10. dxc5 Bxc5 11. Bd3 O-O 12. O-O Qe7 {0-1 (63) Artemiev,V (2709)-Laznicka,V (2675) Skopje 2018}) 5... dxc4 6. Bxc4 {A11: English Opening: 1...c6} b5 7. Be2 e6 8. O-O {White has an edge.} Bb7 9. a4 $146 ({Predecessor:} 9. d4 c5 10. a4 b4 11. Na2 Be4 12. Bd3 Qd5 13. Bxe4 Nxe4 {½-½ (24) Vilar Montesinos,M-Castrillon Otero,J Ferrol 2002}) 9... Nbd7 10. e4 b4 11. Nb1 {[%cal Bc3b1,Bb1d2,Bd2c4][%mdl 32]} c5 12. d3 Bd6 13. Nbd2 O-O 14. Nc4 Bc7 15. Bg5 Qb8 16. Kh1 Bf4 17. Bh4 Ng4 18. h3 Nh6 19. g3 Bc7 {With the idea ...f6.} 20. Be7 Re8 21. Bg5 Kh8 22. Bxh6 gxh6 23. Qd2 Rg8 24. Nh2 (24. Qxh6 $11 Qf8 25. Qxf8 Raxf8 26. Rac1) 24... Qf8 25. Bf3 Rd8 26. Bg2 Nf6 (26... Qg7 $15) 27. Qe2 Qg7 28. Rac1 h5 {[#] Hoping for ...h4!} 29. h4 (29. Nf3 {with more complications.} Nd7 30. h4 h6 31. Ne1 Qg4 32. Qe3) 29... Ng4 30. Nxg4 hxg4 31. Ne3 Bd6 32. Rfe1 Be7 33. Rc4 (33. Nc4 {feels hotter.} Bc6 34. b3 Ba8 35. e5 Bxg2+ 36. Kxg2 Rd4 37. Qc2) 33... Rd4 34. Rxd4 cxd4 35. Nc4 Qh6 (35... e5 $1 $11 {keeps the balance.}) 36. Kg1 $16 Qh5 37. b3 Rg6 ({Better is} 37... e5 $1 $14) 38. Rc1 ({White should try} 38. e5 $18 Bd5 39. Qc2) 38... Kg7 (38... Rg8 $16) 39. Qd2 $18 Qc5 $2 (39... Rh6 40. Qf4 e5 41. Nxe5 Rf6 42. Qxg4+ Qxg4 43. Nxg4 Rc6 44. Rxc6 Bxc6) 40. Qf4 h5 {[#]} (40... Rf6 $142 41. Qxg4+ Rg6) 41. Ne5 $1 {[%mdl 576] Double Attack, Discovered Attack} Qa7 42. Qxf7+ {[%mdl 64] Double Attack. Accuracy: White = 50%, Black = 37%.} 1-0

[Event "Slovenian chT 2019"]
[Site "Slovenia"]
[Date "2019.12.21"]
[Round "8"]
[White "Subelj, Jan"]
[Black "Zirkelbach, Maj"]
[Result "0-1"]
[WhiteElo "2402"]
[BlackElo "2221"]
[Annotator "NA"]
[PlyCount "62"]
[EventDate "2019.??.??"]
[EventCountry "SLO"]
[SourceTitle "playchess.com"]
[Source "ChessBase"]
[SourceQuality "1"]
[TimeControl "40/5400+30:1800+30"]

1. e4 e5 2. Nf3 Nc6 3. Bb5 Nf6 4. Qe2 Bc5 5. c3 Qe7 6. O-O O-O 7. Rd1 a6 8. Ba4 Ba7 9. d3 d6 10. h3 $11 Bd7 11. Nbd2 Nh5 12. Nf1 f5 13. exf5 Rxf5 14. Kh2 Raf8 15. Bb3+ Kh8 16. Bd5 e4 17. Bxc6 Bxc6 18. dxe4 Rxf3 19. gxf3 Qh4 20. f4 Nxf4 21. Bxf4 Qxf4+ 22. Ng3 Bxf2 23. Qg4 Qe5 24. Rf1 Bxe4 25. h4 g6 26. Rae1 d5 27. Kh3 Rf4 28. Qg5 Qe6+ 29. Kh2 Qd6 30. Ra1 Bxg3+ 31. Kxg3 Rxf1+ 0-1

[Event "Slovenian chT 2019"]
[Site "Slovenia"]
[Date "2019.12.21"]
[Round "8"]
[White "Stajner, Samo"]
[Black "Sebenik, Matej"]
[Result "0-1"]
[WhiteElo "2380"]
[BlackElo "2512"]
[Annotator "ChessBase"]
[PlyCount "98"]
[EventDate "2019.??.??"]
[EventCountry "SLO"]
[SourceTitle "playchess.com"]
[Source "ChessBase"]
[SourceQuality "1"]
[TimeControl "40/5400+30:1800+30"]

1. b3 e5 2. Bb2 Nc6 3. e3 Nf6 4. Bb5 Bd6 5. d4 exd4 6. Bxc6 dxc6 7. Qxd4 Qe7 8. Nf3 Bf5 9. Qc4 O-O 10. Nbd2 Rfe8 11. O-O Ba3 12. Be5 Bg6 13. Bd4 Nd7 14. Qc3 Qf8 15. Nc4 Bb4 16. Qb2 b5 17. Nce5 Nxe5 18. Nxe5 Ba3 19. Qb1 Bf5 20. Bb2 Be4 21. Nd3 Bd6 22. Qd1 Re6 23. Qe2 Qe7 24. Ne1 Qh4 25. f4 Rae8 26. Rd1 Bb4 27. Nf3 Qh5 28. Be5 Bc5 29. Bd4 Bd6 30. Rd2 c5 31. Bb2 Rh6 32. h3 Rg6 33. Ng5 Qxe2 34. Rxe2 Bc6 35. h4 f6 36. h5 Rh6 37. Nh3 Rxh5 38. Kh2 b4 39. Rff2 c4 40. bxc4 Ra5 41. Bd4 Rxa2 42. c5 Bf8 43. c3 Rxe2 44. Rxe2 b3 45. Rb2 Rb8 46. Nf2 a5 47. Nd3 Be4 48. Nb4 axb4 49. Rxb3 Bd5 0-1

[Event "Slovenian chT 2019"]
[Site "Slovenia"]
[Date "2019.12.21"]
[Round "8"]
[White "Dobrovoljc, Vid"]
[Black "Markoja, Boris"]
[Result "1/2-1/2"]
[WhiteElo "2370"]
[BlackElo "2444"]
[Annotator "NA"]
[PlyCount "62"]
[EventDate "2019.??.??"]
[EventCountry "SLO"]
[SourceTitle "playchess.com"]
[Source "ChessBase"]
[SourceQuality "1"]
[TimeControl "40/5400+30:1800+30"]

1. d4 Nf6 2. c4 e6 3. Nf3 Bb4+ 4. Bd2 Bxd2+ 5. Qxd2 d5 6. Nc3 O-O 7. e3 Qe7 8. Rc1 Rd8 9. Qc2 a6 10. a3 Nbd7 11. Be2 $11 dxc4 12. Bxc4 c5 13. Be2 b5 14. dxc5 Qxc5 15. b4 Qe7 16. O-O Bb7 17. a4 Qxb4 18. axb5 axb5 19. Qb1 Qxb1 20. Rxb1 Bxf3 21. Bxf3 Rab8 22. Nxb5 Ne5 23. Nd4 Nxf3+ 24. Nxf3 Rxb1 25. Rxb1 h6 26. h3 g5 27. g4 Kg7 28. Kg2 Rd7 29. Rb4 Nd5 30. Rd4 Nf6 31. Rxd7 Nxd7 1/2-1/2